NBA Best Draft Since 2000 - Statistics

General Stats
  • This quiz has been taken 900 times
  • The average score is 17 of 60
Answer Stats
Pick Player Team Year % Correct
1 LeBron James Cleveland Cavaliers 2003
100%
2 Kevin Durant Seattle SuperSonics 2007
99%
7 Stephen Curry Golden State Warriors 2009
98%
5 Dwyane Wade Miami Heat 2003
96%
3 Carmelo Anthony Denver Nuggets 2003
94%
6 Damian Lillard Portland Trail Blazers 2012
94%
18 David West New Orleans Hornets 2003
92%
4 Russell Westbrook Seattle SuperSonics 2008
92%
11 Klay Thompson Golden State Warriors 2011
78%
46 Danny Green Cleveland Cavaliers 2009
57%
35 Draymond Green Golden State Warriors 2012
57%
41 Nikola Jokic Denver Nuggets 2014
57%
9 Amar'e Stoudemire Phoenix Suns 2002
49%
15 Kawhi Leonard Indiana Pacers 2011
49%
28 Tony Parker San Antonio Spurs 2001
42%
60 Isaiah Thomas Sacramento Kings 2011
40%
30 Jimmy Butler Chicago Bulls 2011
37%
48 Marc Gasol Los Angeles Lakers 2007
37%
53 Rasual Butler Miami Heat 2002
36%
21 Rajon Rondo Phoenix Suns 2006
34%
25 Gerald Wallace Sacramento Kings 2001
26%
10 Joe Johnson Boston Celtics 2001
23%
40 Monta Ellis Golden State Warriors 2005
21%
29 Josh Howard Dallas Mavericks 2003
18%
19 Zach Randolph Portland Trail Blazers 2001
18%
17 Danny Granger Indiana Pacers 2005
17%
26 Kevin Martin Sacramento Kings 2004
14%
55 Patty Mills Portland Trail Blazers 2009
14%
23 Tayshaun Prince Detroit Pistons 2002
14%
31 Gilbert Arenas Golden State Warriors 2001
13%
43 Michael Redd Milwaukee Bucks 2000
13%
27 Rudy Gobert Denver Nuggets 2013
13%
49 James Jones Indiana Pacers 2003
12%
8 Jamal Crawford Cleveland Cavaliers 2000
11%
39 Khris Middleton Detroit Pistons 2012
11%
24 Kyle Lowry Memphis Grizzlies 2006
11%
47 Paul Millsap Utah Jazz 2006
11%
51 Kyle Korver New Jersey Nets 2003
10%
13 Richard Jefferson Houston Rockets 2001
10%
22 Kenneth Faried Denver Nuggets 2011
9%
12 Thaddeus Young Philadelphia 76ers 2007
9%
45 Goran Dragic San Antonio Spurs 2008
8%
33 Hassan Whiteside Sacramento Kings 2010
6%
16 Hedo Turkoglu Sacramento Kings 2000
5%
32 Luke Walton Los Angeles Lakers 2003
4%
38 Mehmet Okur Detroit Pistons 2001
4%
14 Troy Murphy Golden State Warriors 2001
4%
52 A.J. Price Indiana Pacers 2009
3%
56 Luis Scola San Antonio Spurs 2002
3%
34 Jae Crowder Cleveland Cavaliers 2012
2%
20 Jameer Nelson Denver Nuggets 2004
2%
57 Marcin Gortat Phoenix Suns 2005
2%
44 Chase Budinger Detroit Pistons 2009
1%
59 D.J. Strawberry Phoenix Suns 2007
1%
37 Eddie House Miami Heat 2000
1%
36 Ersan Ilyasova Milwaukee Bucks 2005
1%
42 Patrick Beverley Los Angeles Lakers 2009
1%
58 Jordan McRae San Antonio Spurs 2014
0%
54 Kenny Satterfield Dallas Mavericks 2001
0%
50 Ryan Gomes Boston Celtics 2005
0%
No matching quizzes found
Score Distribution
Percent of People with Each Score
Percentile by Number Answered
Your Score History
You have not taken this quiz